00734nam a2200157Ia 4500008004100000024004400041082001900085100007100104245007700175260002500252600002200277650003300299856011800332952010900450999001700559250506s9999 xx 000 0 und d a17B-006-PE, 17B-009-PE & 17B-038-PE a621.319072 ASH aMuhammad Daniyal Ashraf, Syed Muhammad Hasan Iqbal & Talha Shabbir 0aImprovement in Power System Protection with Scada Verification (with CD) aKarachi:bUIT,c2017 aPower Engineering aBachelor of Engineering (BE) uhttps://drive.google.com/file/d/1mk_-HMUd0itXhMdwbxmwWot1HCKx93tM/view?usp=sharingyClick here for Online Reading 001040708PR-PEaUITUbUITUd2022-07-26l0o621.319072 ASHpPE-32r2025-05-06 11:34:42w2025-05-06yPR c28997d28997